000 00441nam a2200169Ia 4500
008 210716s1998 xx 000 0 und d
020 _a0133985121
041 _aeng
082 _a658.4080973 BEAT
100 _aBeauchamp, Tom L.
245 _aCase studies in business society and ethics.
250 _a1
260 _aNew Jersey
_bPrentice Hall
_c1998
300 _axx,281
650 _aBusiness Ethics
700 _aBeauchamp, Tom L.
999 _c206498
_d206498